Pierre Teilhard de Chardin ou la foi au monde /

I tiakina i:
Ngā taipitopito rārangi puna kōrero
Kaituhi matua: Onimus, Jean (autor)
Hōputu: Pukapuka
Reo:Wīwī
I whakaputaina: París, Francia : Plon, 1963, c1963
Rangatū:(La Recherche de l'Absolu ; 6)
Ngā marau:
Ngā Tūtohu: Tāpirihia he Tūtohu
Kāore He Tūtohu, Me noho koe te mea tuatahi ki te tūtohu i tēnei pūkete!

MARC

LEADER 00000nam^a2200000^a^4500
001 000380936
005 20250521000000.0
009 20260310120629.669
037 |a Acervo Xavier Clavigero 
041 |a FRA 
082 |a 146. 7  |b TEI CRI ONI 
100 |a Onimus, Jean  |e (autor) 
245 1 0 |a Pierre Teilhard de Chardin ou la foi au monde /  |c J. Onimus. 
264 4 |a París, Francia :  |b Plon,  |c 1963, c1963 
300 |a 190 p. 
336 |a texto  |b txt  |2 rdacontenido 
337 |a sin mediación  |b n  |2 rdamedio 
338 |a volumen  |b nc  |2 rdasoporte 
440 3 |a (La Recherche de l'Absolu ;  |v 6) 
545 0 |a Pierre Teilhard de Chardin (1881-1955), filósofo, científico y teólogo francés. Jesuita cuyos ensayos sobre la reconciliación entre la fe y la teoría de la evolución provocaron las sospechas del Vaticano y que se le impidieron publicar en vida sus obras sobre temas religiosos. A la concepción materialista del darwinismo y del positivismo, Teilhard de Chardin opuso una cosmología que, pese a reconocer la validez del principio de la evolución, e incluso extendiéndolo a la realidad espiritual, rechazaba una interpretación puramente determinista y materialista del mismo. De manera que su evolucionismo se desarrolla en una dimensión de un futuro cósmico-cristológico. El jesuita francés manifestó su creencia en el universo como una evolución, en la dirección de la evolución hacia el espíritu, en la realización del espíritu en algo personal y en el Cristo-Universal como lo personal supremo. Entre sus obras principales, publicadas todas póstumas, tenemos: El fenómeno humano (1955); La aparición del hombre (1956); La concepción del pasado (1957); El medio divino (1957) y El porvenir del hombre (1959). 
649 |a XX 
650 |a Jesuitas Franceses 
650 |a Teólogos Franceses 
650 |a Científicos Franceses 
650 |a Fe 
650 |a Creación 
650 |a Redención 
650 |a Evolucionismo -  |x Historia y Crítica -  |x Tema Principal 
650 |a Religión y Ciencia 
650 |a Filosofía y Religión 
650 |a Filosofía del Siglo XX -  |x Historia y Crítica 
650 |a Filosofía Francesa -  |x Historia y Crítica 
650 |a Teilhard de Chardin, Pierre -  |x Tema Principal 
910 |a Fondo General 
920 |a Impresos - Libros 
930 |a Colección General 
905 |a 101 
901 |a 017361  |b IT1  |c ACC  |u 20250521 
902 |a https://opac.biblio.iteso.mx/vufind/Record/000380936